[Event "NCA-ch sf"]
[Site "Managua"]
[Date "2023.01.29"]
[Round "3.16"]
[White "Soza Moreno, Francisco Javier"]
[Black "Ortiz, Heriberto"]
[Result "1/2-1/2"]
[WhiteElo "1728"]
[BlackElo "1831"]
[PlyCount "29"]
[EventDate "2023.01.28"]
[EventType "swiss"]
[EventRounds "9"]
[EventCountry "NCA"]
[SourceTitle "CBM 213 Extra"]
[Source "ChessBase"]
[SourceDate "2023.05.31"]
[SourceVersion "1"]
[SourceVersionDate "2023.05.31"]
[SourceQuality "1"]

1. c4 c5 2. Nc3 Nc6 3. e4 d6 4. d3 Nf6 5. f4 g6 6. Nf3 Bg7 7. Be2 0-0 8. 0-0 Bg4 9. Be3 Qd7 10. Qd2 a6 11. h3 Bxf3 12. Rxf3 e6 13. Raf1 Nd4 14. Bxd4 cxd4 15. Nd1 1/2-1/2

[Event "Managua Hurtado Memorial 22nd"]
[Site "Managua"]
[Date "2022.12.30"]
[Round "8"]
[White "Ortiz, Heriberto"]
[Black "Berrios Vanegas, Yanko Antonio"]
[Result "1-0"]
[WhiteElo "1797"]
[BlackElo "1440"]
[PlyCount "69"]
[EventDate "2022.12.26"]
[EventType "swiss"]
[EventRounds "9"]
[EventCountry "NCA"]
[SourceTitle "CBM 212 Extra"]
[Source "ChessBase"]
[SourceDate "2023.03.31"]
[SourceVersion "1"]
[SourceVersionDate "2023.03.31"]
[SourceQuality "1"]

1. d4 d5 2. Nf3 Nf6 3. c4 c6 4. Nc3 e6 5. Bf4 Be7 6. e3 Nbd7 7. h3 b6 8. Rc1 Bb7 9. Bd3 Rc8 10. 0-0 a6 11. Bh2 0-0 12. b3 c5 13. cxd5 exd5 14. Qe2 Ra8 15. Rfd1 b5 16. dxc5 Nxc5 17. Bb1 Qb6 18. Nd4 Rfe8 19. Qf3 Bf8 20. Nce2 Rac8 21. Nf4 Nce4 22. Rxc8 Rxc8 23. Bxe4 Nxe4 24. Nd3 Qa5 25. Ne5 f6 26. Nd7 Qxa2 27. Ne6 Be7 28. Nd4 Qb2 29. Nf5 Bb4 30. Bg3 Rc1 31. Kh2 Rxd1 32. Qxd1 Nxf2 33. Bxf2 Qxf2 34. Qg4 g6 35. Qxb4 1-0

[Event "Managua Ramirez de Arellano Memorial"]
[Site "Managua"]
[Date "2022.08.06"]
[Round "7"]
[White "Ortiz, Heriberto"]
[Black "Vanegas Lopez, Natanael Emanuel"]
[Result "0-1"]
[WhiteElo "1827"]
[BlackElo "1824"]
[PlyCount "86"]
[EventDate "2022.07.23"]
[EventType "swiss"]
[EventRounds "9"]
[EventCountry "NCA"]
[SourceTitle "EXT 2024"]
[Source "ChessBase"]
[SourceDate "2023.10.10"]
[SourceVersion "1"]
[SourceVersionDate "2023.10.10"]
[SourceQuality "1"]

1. e4 e5 2. Nf3 Nf6 3. Bc4 Nxe4 4. Bb3 d6 5. d4 exd4 6. Nxd4 Be7 7. 0-0 0-0 8. Re1 Nc5 9. Bd5 Bf6 10. Nc3 c6 11. Bf3 d5 12. Be3 Ne6 13. Qd2 Nd7 14. Rad1 Ne5 15. Bh5 Nc4 16. Qc1 Nxe3 17. fxe3 Nxd4 18. exd4 Bg5 19. Qb1 Qf6 20. Re5 Bf4 21. Rf1 Qh6 22. Qe1 Bxe5 23. Qxe5 Bd7 24. Qe7 Be6 25. Bf3 Qe3+ 26. Kh1 Qxd4 27. Rd1 Qb6 28. b3 Rfe8 29. Qg5 h6 30. Qg3 Qe3 31. Ne2 Bf5 32. c4 dxc4 33. bxc4 Rad8 34. Rxd8 Rxd8 35. h4 Re8 36. Kh2 Bd3 37. Nf4 Bxc4 38. a4 Qe5 39. Bh5 g5 40. hxg5 hxg5 41. Nh3 Qxg3+ 42. Kxg3 Re5 43. Nf2 Be2 0-1

[Event "Managua Ramirez de Arellano Memorial"]
[Site "Managua"]
[Date "2022.07.31"]
[Round "5"]
[White "Ortiz, Heriberto"]
[Black "Rios Borgen, Edgard Jose"]
[Result "1/2-1/2"]
[WhiteElo "1827"]
[BlackElo "1807"]
[PlyCount "67"]
[EventDate "2022.07.23"]
[EventType "swiss"]
[EventRounds "9"]
[EventCountry "NCA"]
[SourceTitle "EXT 2024"]
[Source "ChessBase"]
[SourceDate "2023.10.10"]
[SourceVersion "1"]
[SourceVersionDate "2023.10.10"]
[SourceQuality "1"]

1. e4 c5 2. Nf3 e6 3. d4 cxd4 4. Nxd4 a6 5. c4 Qc7 6. Nc3 Nc6 7. Be2 Bb4 8. 0-0 Nf6 9. Bf3 Ne5 10. Bg5 Qxc4 11. Rc1 Nd3 12. Nd5 Nxc1 13. Nxf6+ gxf6 14. Bxf6 Rg8 15. e5 Nxa2 16. Be4 Bc5 17. Bxh7 Qxd4 18. Bxg8 Qxd1 19. Rxd1 Nb4 20. h4 Kf8 21. Bh7 Nd5 22. Bg5 b6 23. Bh6+ Ke7 24. Bg5+ f6 25. exf6+ Nxf6 26. h5 Bb7 27. Bg6 e5 28. Bxf6+ Kxf6 29. Rxd7 Bc6 30. Rf7+ Kg5 31. Rf5+ Kh6 32. Rxe5 Rf8 33. Re2 Bb5 34. Rc2 1/2-1/2

[Event "Managua Ramirez de Arellano Memorial"]
[Site "Managua"]
[Date "2022.07.30"]
[Round "4"]
[White "Berrios, Natanael"]
[Black "Ortiz, Heriberto"]
[Result "0-1"]
[WhiteElo "1793"]
[BlackElo "1827"]
[PlyCount "51"]
[EventDate "2022.07.23"]
[EventType "swiss"]
[EventRounds "9"]
[EventCountry "NCA"]
[SourceTitle "EXT 2024"]
[Source "ChessBase"]
[SourceDate "2023.10.10"]
[SourceVersion "1"]
[SourceVersionDate "2023.10.10"]
[SourceQuality "1"]

1. e4 g6 2. d4 Bg7 3. Nc3 b6 4. Be3 Bb7 5. f3 e6 6. Qd2 d6 7. Bc4 Nd7 8. Bb3 a5 9. Nge2 Ne7 10. h4 h5 11. Kf2 c6 12. a4 Qc7 13. Rag1 d5 14. g4 0-0-0 15. Bf4 e5 16. Bg3 hxg4 17. fxg4 dxe4 18. dxe5 Nxe5 19. Qf4 f5 20. Be6+ Kb8 21. gxf5 gxf5 22. h5 Qd6 23. h6 Bf6 24. Nxe4 fxe4 25. Qxf6 Rdf8 26. Bf7 0-1

[Event "NCA-ch sf"]
[Site "Managua"]
[Date "2022.02.27"]
[Round "9"]
[White "Vanegas Lopez, Natanael Emanuel"]
[Black "Ortiz, Heriberto"]
[Result "1/2-1/2"]
[WhiteElo "1885"]
[BlackElo "1809"]
[PlyCount "82"]
[EventDate "2022.02.12"]
[EventType "swiss"]
[EventRounds "9"]
[EventCountry "NCA"]
[SourceTitle "EXT 2023"]
[Source "ChessBase"]
[SourceDate "2022.10.05"]
[SourceVersion "1"]
[SourceVersionDate "2022.10.05"]
[SourceQuality "1"]

1. d4 Nf6 2. c4 g6 3. Nc3 Bg7 4. e4 d6 5. Nf3 0-0 6. Be2 Nbd7 7. 0-0 c5 8. h3 cxd4 9. Nxd4 Nc5 10. Bf3 a5 11. Be3 a4 12. Qc2 Bd7 13. Rfd1 Qc8 14. Rac1 h5 15. Qe2 Nh7 16. Nd5 Qd8 17. Nb5 Ne6 18. Bb6 Qe8 19. Nbc7 Nxc7 20. Nxc7 Qc8 21. Nxa8 Qxa8 22. c5 Be6 23. cxd6 exd6 24. a3 Be5 25. Bd4 Bf4 26. Rc3 Qd8 27. Bc5 dxc5 28. Rxd8 Rxd8 29. Rd3 Rb8 30. Qd1 Kg7 31. Qxa4 b5 32. Qd1 Ng5 33. h4 Nxf3+ 34. Qxf3 Be5 35. Rd2 b4 36. axb4 Rxb4 37. Qe3 Rc4 38. f4 Bf6 39. g3 Bd4 40. Rxd4 cxd4 41. Qd2 Kh7 1/2-1/2

[Event "NCA-ch Fase 2"]
[Site "Managua"]
[Date "2022.02.06"]
[Round "8"]
[White "Ortiz, Heriberto"]
[Black "Quintanilla, Marvin"]
[Result "0-1"]
[WhiteElo "1835"]
[BlackElo "1921"]
[PlyCount "74"]
[EventDate "2022.01.22"]
[EventType "swiss"]
[EventRounds "9"]
[EventCountry "NCA"]
[SourceTitle "CBM 207 Extra"]
[Source "ChessBase"]
[SourceDate "2022.05.31"]
[SourceVersion "1"]
[SourceVersionDate "2022.05.31"]
[SourceQuality "1"]

1. d4 d5 2. c4 c6 3. Nc3 Nf6 4. Nf3 e6 5. Bg5 Nbd7 6. e3 Qa5 7. c5 Ne4 8. Qc2 b6 9. cxb6 axb6 10. Bd3 Bb4 11. 0-0 f5 12. Ne2 Bb7 13. Nf4 Nf8 14. Nh5 h6 15. Bf4 Ng6 16. Ne5 Nxe5 17. Bxe5 Ke7 18. f3 Nf6 19. Nxg7 Rhg8 20. Bxf6+ Kxf6 21. Nh5+ Ke7 22. e4 dxe4 23. fxe4 fxe4 24. Be2 Qd5 25. Rad1 c5 26. Nf4 Qg5 27. a3 Raf8 28. axb4 Rxf4 29. Bb5 Rg4 30. Rf2 e3 31. Re2 Rxg2+ 32. Rxg2 Bxg2 33. h4 Qg3 34. Qh7+ Rg7 35. Qxg7+ Qxg7 36. Kh2 Qg4 37. Rg1 Qh3# 0-1

[Event "Managua Hurtado Memorial op"]
[Site "Managua"]
[Date "2021.12.29"]
[Round "7"]
[White "Ramos Donaire, Maria Pradi"]
[Black "Ortiz, Heriberto"]
[Result "1/2-1/2"]
[WhiteElo "1587"]
[BlackElo "1835"]
[PlyCount "129"]
[EventDate "2021.12.26"]
[EventType "swiss"]
[EventRounds "9"]
[EventCountry "NCA"]
[SourceTitle "CBM 206 Extra"]
[Source "ChessBase"]
[SourceDate "2022.03.31"]
[SourceVersion "1"]
[SourceVersionDate "2022.03.31"]
[SourceQuality "1"]

1. e4 c5 2. Nf3 Nc6 3. d4 cxd4 4. Nxd4 d6 5. Nc3 Nf6 6. Be2 g6 7. 0-0 Bg7 8. Be3 0-0 9. f4 Qa5 10. Bf3 h5 11. Nb3 Qd8 12. h3 a5 13. a4 Be6 14. Nd5 Nb4 15. c3 Nbxd5 16. exd5 Bd7 17. Nd4 Qc8 18. Kh2 Qc4 19. Ne2 b5 20. b3 Qc8 21. axb5 Bxb5 22. c4 Bd7 23. Bd4 Qb7 24. Bc3 Rfc8 25. Rxa5 Rxa5 26. Bxa5 Ra8 27. Bc3 Rb8 28. Nd4 Bh6 29. g3 h4 30. Nc6 hxg3+ 31. Kxg3 Re8 32. Nxe7+ Rxe7 33. Bxf6 Re3 34. Re1 Qxb3 35. Qxb3 Rxb3 36. Bg5 Bf8 37. Kg2 Bxh3+ 38. Kxh3 Rxf3+ 39. Kg2 Ra3 40. Bf6 Bg7 41. Re8+ Kh7 42. Bxg7 Kxg7 43. Rd8 Rc3 44. Rxd6 Rxc4 45. Kf3 Kf8 46. Rc6 Rxc6 47. dxc6 Ke7 48. c7 Kd7 49. Ke4 Kxc7 50. Ke5 Kd7 51. Kf6 Ke8 52. f5 gxf5 53. Kxf5 Ke7 54. Ke5 f6+ 55. Kf5 Kf7 56. Kf4 Ke6 57. Ke4 f5+ 58. Kf4 Kf6 59. Kf3 Ke5 60. Ke3 f4+ 61. Kf3 Kf5 62. Kf2 Kg4 63. Kg2 f3+ 64. Kf2 Kf4 65. Kf1 1/2-1/2

[Event "NCA-ch op"]
[Site "Managua"]
[Date "2021.09.05"]
[Round "6"]
[White "Ortiz, Heriberto"]
[Black "Monge Lopez, Jairo Humberto"]
[Result "1-0"]
[WhiteElo "1879"]
[BlackElo "1673"]
[PlyCount "79"]
[EventDate "2021.08.28"]
[EventType "swiss"]
[EventRounds "9"]
[EventCountry "NCA"]
[SourceTitle "EXT 2023"]
[Source "ChessBase"]
[SourceDate "2022.10.05"]
[SourceVersion "1"]
[SourceVersionDate "2022.10.05"]
[SourceQuality "1"]

1. d4 d5 2. c4 Nf6 3. Nc3 e6 4. Bg5 Be7 5. Nf3 Nbd7 6. cxd5 Nxd5 7. Bxe7 Nxe7 8. e4 Ng6 9. Bd3 0-0 10. 0-0 Nb6 11. Rc1 Bd7 12. a4 a5 13. Nb5 Bxb5 14. Bxb5 c6 15. Bd3 Qc7 16. h4 Nf4 17. Bb1 Rfd8 18. g3 Nh5 19. e5 g6 20. Ng5 Nd5 21. Nxh7 f5 22. Ng5 Qe7 23. Qb3 Kg7 24. Rc5 Rd7 25. Ba2 Ra6 26. Qa3 Kh8 27. Bxd5 exd5 28. Qc3 Qd8 29. e6 Re7 30. Qe3 Qf8 31. Qe5+ Qf6 32. Qd6 Ra8 33. Re1 Kg7 34. Rcc1 Rae8 35. Rcd1 Kh6 36. Qc5 f4 37. g4 Kg7 38. Qc2 Rxe6 39. Rxe6 Rxe6 40. gxh5 1-0

[Event "NCA-chT Final"]
[Site "Managua"]
[Date "2020.11.01"]
[Round "8.10"]
[White "Ortiz, Heriberto"]
[Black "Davila, Carlos"]
[Result "1-0"]
[WhiteElo "1848"]
[BlackElo "2222"]
[PlyCount "87"]
[EventDate "2020.10.24"]
[EventType "team-tourn"]
[EventRounds "11"]
[EventCountry "NCA"]
[SourceTitle "EXT 2022"]
[Source "ChessBase"]
[SourceDate "2021.10.06"]
[SourceVersion "1"]
[SourceVersionDate "2021.10.06"]
[SourceQuality "1"]

1. Nf3 d5 2. d4 Nf6 3. a3 Bf5 4. Nh4 Be6 5. h3 g6 6. Nc3 Bg7 7. Bf4 a6 8. e3 Nbd7 9. Be2 c5 10. Nf3 h6 11. Ne5 cxd4 12. exd4 0-0 13. Qd2 g5 14. Bg3 Ne4 15. Nxe4 dxe4 16. Nxd7 Qxd7 17. c3 f5 18. f4 exf3 19. Bxf3 f4 20. Bf2 Rac8 21. 0-0 g4 22. hxg4 Bxg4 23. Qe2 Bxf3 24. Qxf3 Rc6 25. Rae1 Rg6 26. Bh4 Bf6 27. Bxf6 Rfxf6 28. Rf2 e6 29. Qe4 Qf7 30. Rf3 Rg5 31. Ref1 Rgf5 32. R1f2 Qc7 33. b3 a5 34. a4 Kg7 35. c4 b6 36. Rd2 e5 37. d5 Qc5+ 38. Kh1 Rh5+ 39. Rh3 Rg5 40. Rhd3 Qd6 41. Rh3 Qa3 42. Kg1 Qd6 43. Kf2 Rfg6 44. Kf1 1-0

[Event "NCA-ch Fiestas Patrias op"]
[Site "Managua"]
[Date "2020.08.30"]
[Round "3"]
[White "Ortiz, Heriberto"]
[Black "Avalos, Carlos"]
[Result "1-0"]
[WhiteElo "1856"]
[BlackElo "1854"]
[PlyCount "95"]
[EventDate "2020.08.29"]
[EventType "swiss"]
[EventRounds "9"]
[EventCountry "NCA"]
[SourceTitle "EXT 2022"]
[Source "ChessBase"]
[SourceDate "2021.10.06"]
[SourceVersion "1"]
[SourceVersionDate "2021.10.06"]
[SourceQuality "1"]

1. e4 d5 2. exd5 Nf6 3. Nf3 Nxd5 4. Bc4 c6 5. h3 g6 6. 0-0 Bg7 7. d4 0-0 8. Bg5 h6 9. Bh4 Nd7 10. Nc3 N7f6 11. Qd2 Nxc3 12. bxc3 Bf5 13. Rae1 Ne4 14. Qf4 Nf6 15. Re2 e6 16. Bxf6 Qxf6 17. Rfe1 g5 18. Qg3 Qd8 19. h4 g4 20. Nh2 h5 21. Nf1 Qb8 22. Qe3 Kh7 23. Qg5 Bg6 24. Bd3 Qd8 25. Qxh5+ Bh6 26. Bxg6+ fxg6 27. Qxg4 Rf4 28. Qxe6 Rxh4 29. Qe7+ Bg7 30. Ng3 Qxe7 31. Rxe7 Rb8 32. Rd7 Kh6 33. Ree7 Bf6 34. Rf7 Kg5 35. f3 Kf4 36. Rxf6+ Kxg3 37. Rxg6+ Kf4 38. Kf2 Kf5 39. Rdg7 Rh2 40. Rg5+ Kf6 41. R7g6+ Kf7 42. Kg3 Rbh8 43. Kf4 R2h4+ 44. g4 Rh2 45. Rg7+ Ke6 46. c4 R8h6 47. Rxb7 Rxc2 48. Re5+ 1-0